Statistics for Name a Valid Country By Clue #4

Click here to take the quiz!

General Stats

  • This quiz has been taken 42 times
  • The average score is 5 of 20

Answer Stats

Name a country ...Answer% Correct
with the most cities above 1 million
people, outside of Asia
Brazil | Mexico | Nigeria | Russia | United States
69%
with the most stars on their flag, outside
of the USA
Bosnia and Herzegovina | Brazil | Cape Verde | Dominica |
Tuvalu | Uzbekistan
50%
where they have the tallest pyramidMexico
50%
with the highest gdp per capita in
mainland Africa
Botswana | Equtorial Guinea | Gabon | Namibia | South Africa
47%
who has the fastest rollercoaster
(149 mph)
United Arab Emirates
44%
with the fastest average internet speedAndorra | Iceland | Liechtenstein | Luxembourg | Taiwan
41%
the United Kingdom never invaded,
except micronations
Belarus | Bolivia | Burundi | Central African Republic | Chad |
Congo | Guatemala | Ivory Coast | Kyrgyzstan | Luxembourg |
Mali | Marshall Islands | Mongolia | Paraguay | São Tomé And
Principe | Sweden | Tajikistan | Uzbekistan
34%
that has the most offical languagesBolivia | South Africa | Zimbabwe
34%
with the slowest average internet speedAfghanistan | Guinea-Bissau | Timor-Leste | Turkmenistan |
Yemen
22%
that has the oldest flag (Scotland is not
a stand-alone country)
Albania | Austria | Denmark | Latvia | Norway
22%
where they have the biggest parking lotCanada
16%
where IKEA wants to expand toColombia | Luxembourg | New Zealand | Peru | Vietnam
13%
that has the highest population, and it
has never snowed
Bangladesh
6%
that holds the most nukesBelarus | Belgium | Germany | Italy | Netherlands | Turkey
6%
with the least phones per capita, except
North Korea
Central African Republic | Eritrea | Kosovo | Marshall Islands |
Micronesia
6%
with the most phones per capitaAntigua and Barbuda | Montenegro | Seychelles | Thailand |
United Arab Emirates
0%
who has the most airports per capitaIceland
0%
with the weakest dollarIran
0%
with the strongest dollarKuwait
0%
with the most banks per capitaSaudi Arabia | Sweden | Trinidad and Tabago
0%

Score Distribution

Percentile by Number Answered

Percent of People with Each Score

Your Score History

You have not taken this quiz